| 000 | 01102nam a2200265Ia 4500 | ||
|---|---|---|---|
| 001 | 270.6-SPE fr ca (17774) | ||
| 003 | IT-MiSPE | ||
| 008 | 171229s9999||||xx |||||||||||||| ||und|| | ||
| 040 |
_aIT-MiSPE _cIT-MiSPE |
||
| 041 | _aITALIANO | ||
| 100 | _aFriedrich von Spee | ||
| 245 | 0 |
_aCautio criminalis _bOvvero dei processi contro le streghe |
|
| 250 | _a1a ed. (v) | ||
| 260 |
_aRoma _bSalerno _c(st.) 1986 |
||
| 300 |
_a337 p. _c21 cm |
||
| 490 |
_aOmikron _v21 |
||
| 500 | _aStreghe | ||
| 501 | _aEdizioni San Paolo srl - Piazza Soncino, 5 - 20092 CINISELLO BALSAMO (MI) (non commercial uses only) ® Copyright 2018 | ||
| 520 | _aAnna Foa (ed. it.) | ||
| 700 | _aAnna Foa | ||
| 700 |
_aMietta Timi _g(traduzione) |
||
| 942 | _cBK | ||
| 957 | _71 | ||
| 999 |
_a4165 _bNO _g Copie: 1 _c346142 _d346142 |
||